000 00565nam a2200217Ia 4500
008 101110s9999 xx 000 0 und d
041 _aMARATHI
082 _bSR33115
100 _aGikhale S.V., Pathak Neeta, Bhide D.S.
245 _aVyavsaik arthashatra - II SYBCOM
260 _c0
_bVipul prakashan,Mumbai
300 _a290
365 _b110
520 _aEconomics
546 _aMARATHI
630 _aVyavsaik arthashatra - II SYBCOM
650 _aEconomics
655 _aEconomics
730 _aVyavsaik arthashatra - II SYBCOM
942 _cBOOK
999 _c825616
_d825613